000 00825cam a2200265 a 4500
001 123381
005 20230410130648.0
008 830118s1983 nyuaf b 001 0 eng
010 _a 82042735
020 _a0670366870
020 _a0436428318
020 _a9780436428319
040 _aDLC
_cDLC
_dDLC
043 _ae-fr---
050 1 4 _aPN 1998.A3
_bR854p 1983
082 0 0 _a026
100 1 _aRoud, Richard.
245 1 2 _aA passion for films :
_bHenri Langlois and the Cinematháeque franðcaise /
_cRichard Roud.
260 _aLondon :
_bSecker & Warburg,
_c1983.
300 _axxviii, 218 p., [8] p. of plates :
_bill. ;
_c23 cm.
504 _aIncludes bibliographical references and index.
600 1 0 _aLanglois, Henri,
_d1914-1977.
650 0 _aCinémathèque francaise. -- Biography.
942 _2lcc
_cbk
999 _c78067
_d78067